Score 0/25 Timer 06:00
8 Plays Today
% Correct
forecast
96.7%
falcon
96.7%
fragile
96.7%
fungus
96.5%
fragrance
96.5%
frost
96.4%
friction
96.4%
frighten
96.3%
fundraiser
96.3%
fable
96.3%
frustration
96.3%
freckle
96%
falsetto
96%
% Correct
functional
95.9%
fig
95.9%
feta
95.8%
fortnight
95.5%
furnace
95.5%
falafel
95.2%
foam
95.2%
faucet
95.2%
foliage
94.8%
fez
94%
frivolous
93.7%
funky
92.4%
Remove Ads.
Support Sporcle.
Get the best of Sporcle when you Go Orange. This ad-free experience offers more features, more stats, and more fun while also helping to support Sporcle. Thank you for becoming a member.

You're not logged in!

Compare scores with friends on all Sporcle quizzes.
OR
Log In

Show Comments

Extras

Top Quizzes Today


Score Distribution

Your Account Isn't Verified!

In order to create a playlist on Sporcle, you need to verify the email address you used during registration. Go to your Sporcle Settings to finish the process.

Report this User

Report this user for behavior that violates our Community Guidelines.

Details: